Alle Gemeinden Österreichs mit "A" - Statistiken

Allgemein
  • Dieses Quiz wurde 23 mal gespielt
  • Das Durchschnittsergebnis liegt bei 33 aus 109
Antwortstatistiken
Bundesland Einwohner Gemeinde % Korrekt
Vorarlberg 1.742 Au
100%
Niederösterreich 23.727 Amstetten
91%
Oberösterreich 4.601 Altenberg bei Linz
82%
Niederösterreich 828 Altenburg
82%
Steiermark 4.957 Admont
64%
Steiermark 1.289 Aich
64%
Steiermark 1.888 Altaussee
64%
Niederösterreich 508 Annaberg
64%
Tirol 2.199 Achenkirch
55%
Kärnten 4.678 Althofen
55%
Burgenland 2.262 Andau
55%
Steiermark 4.048 Anger
55%
Oberösterreich 1.583 Attersee am Attersee
55%
Tirol 7.285 Absam
45%
Niederösterreich 1.430 Achau
45%
Steiermark 2.436 Aflenz
45%
Niederösterreich 1.808 Allentsteig
45%
Niederösterreich 3.366 Angern an der March
45%
Kärnten 7.053 Arnoldstein
45%
Oberösterreich 6.690 Asten
45%
Oberösterreich 9.042 Attnang-Puchheim
45%
Tirol 6.018 Axams
45%
Niederösterreich 2.104 Absdorf
36%
Niederösterreich 205 Aderklaa
36%
Vorarlberg 3.247 Alberschwende
36%
Niederösterreich 1.022 Albrechtsberg an der Großen Krems
36%
Oberösterreich 1.176 Allhaming
36%
Tirol 2.543 Alpbach
36%
Niederösterreich 331 Altendorf
36%
Oberösterreich 4.933 Altheim
36%
Oberösterreich 9.782 Altmünster
36%
Niederösterreich 1.102 Amaliendorf-Aalfang
36%
Vorarlberg 2.638 Andelsbuch
36%
Oberösterreich 16.654 Ansfelden
36%
Burgenland 1.755 Apetlon
36%
Niederösterreich 3.540 Ardagger
36%
Niederösterreich 1.870 Asparn an der Zaya
36%
Niederösterreich 3.043 Atzenbrugg
36%
Oberösterreich 3.035 Aurolzmünster
36%
Tirol 644 Abfaltersbach
27%
Salzburg 5.909 Abtenau
27%
Kärnten 1.440 Afritz am See
27%
Niederösterreich 643 Aggsbach
27%
Tirol 933 Ainet
27%
Oberösterreich 902 Aistersheim
27%
Steiermark 2.160 Albersdorf-Prebuch
27%
Tirol 2.736 Aldrans
27%
Niederösterreich 2.536 Alland
27%
Vorarlberg 6.753 Altach
27%
Oberösterreich 2.230 Altenfelden
27%
Niederösterreich 2.103 Altenmarkt an der Triesting
27%
Salzburg 4.349 Altenmarkt im Pongau
27%
Niederösterreich 2.987 Altlengbach
27%
Niederösterreich 785 Altlichtenwarth
27%
Oberösterreich 697 Altschwendt
27%
Tirol 491 Amlach
27%
Oberösterreich 3.350 Ampflwang im Hausruckwald
27%
Niederösterreich 141 Andlersdorf
27%
Oberösterreich 5.204 Andorf
27%
Salzburg 4.204 Anif
27%
Tirol 1.227 Anras
27%
Burgenland 757 Antau
27%
Oberösterreich 1.092 Antiesenhofen
27%
Niederösterreich 1.623 Arbesbach
27%
Oberösterreich 1.480 Arbing
27%
Tirol 3.157 Arzl im Pitztal
27%
Oberösterreich 2.197 Aschach an der Donau
27%
Niederösterreich 3.811 Aschbach-Markt
27%
Oberösterreich 2.605 Aspach
27%
Niederösterreich 1.783 Aspang-Markt
27%
Tirol 1.784 Assling
27%
Oberösterreich 558 Auberg
27%
Oberösterreich 606 Auerbach
27%
Niederösterreich 1.958 Auersthal
27%
Tirol 746 Außervillgraten
27%
Salzburg 3.571 Adnet
18%
Steiermark 2.637 Aigen im Ennstal
18%
Oberösterreich 3.216 Aigen-Schlägl
18%
Kärnten 988 Albeck
18%
Oberösterreich 6.087 Alkoven
18%
Steiermark 1.491 Allerheiligen bei Wildon
18%
Niederösterreich 2.147 Allhartsberg
18%
Steiermark 817 Altenmarkt bei St. Gallen
18%
Niederösterreich 849 Altmelon
18%
Tirol 1.835 Ampass
18%
Tirol 1.896 Angerberg
18%
Steiermark 1.227 Ardning
18%
Steiermark 987 Arnfels
18%
Niederösterreich 1.180 Artstetten-Pöbring
18%
Oberösterreich 2.287 Aschach an der Steyr
18%
Tirol 1.845 Aschau im Zillertal
18%
Niederösterreich 2.212 Asperhofen
18%
Oberösterreich 1.729 Aurach am Hongar
18%
Oberösterreich 594 Aichkirchen
9%
Niederösterreich 733 Alberndorf im Pulkautal
9%
Oberösterreich 4.142 Alberndorf in der Riedmark
9%
Oberösterreich 1.280 Allerheiligen im Mühlkreis
9%
Oberösterreich 777 Andrichsfurt
9%
Tirol 986 Angath
9%
Salzburg 2.220 Annaberg-Lungötz
9%
Salzburg 3.756 Anthering
9%
Kärnten 1.331 Arriach
9%
Niederösterreich 1.895 Aspangberg-St. Peter
9%
Oberösterreich 1.207 Atzbach
9%
Oberösterreich 440 Atzesberg
9%
Niederösterreich 938 Au am Leithagebirge
9%
Tirol 1.130 Aurach bei Kitzbühel
9%
Oberösterreich 1.876 Adlwang
0%
Oberösterreich 1.152 Arnreit
0%
Keine übereinstimmenden Quizze gefunden
Verteilung der Resultate
Anzahl Personen mit jedem Resultat
Perzentil nach korrekt beantworteten Fragen
Ihre Resultats-Entwicklung
Sie haben dieses Quiz noch nicht gespielt